| 000 | 00495nam a2200193Ia 4500 | ||
|---|---|---|---|
| 005 | 20250508161647.0 | ||
| 008 | 008 250505s9999 xx 000 0 eng d | ||
| 037 | _aTextual | ||
| 040 |
_aFEDL _beng _cFEDL |
||
| 041 |
_aeng _2eng |
||
| 084 |
_a821, FRO _qFEDL |
||
| 100 |
_aSohn David A _9771137 |
||
| 245 | 0 | _aFrost; The poet and his portry | |
| 260 | _c1969 | ||
| 300 | _a65p | ||
| 700 |
_a Tyre Richard H _9771230 |
||
| 942 |
_cTEXL _h821, FRO |
||
| 999 |
_c1371399 _d1371399 |
||